Queen Songs - A Kind Of Magic - Statistics

General Stats
  • This quiz has been taken 10 times
  • The average score is 4 of 9
Answer Stats
Songs % Correct
One Vision
100%
A Kind Of Magic
50%
Who Wants To Live Forever
50%
Friends Will Be Friends
33%
Gimme The Prize
33%
Princes Of The Universe
33%
Don't Lose Your Head
17%
One Year Of Love
17%
Pain Is So Close To Pleasure
17%
No matching quizzes found
Score Distribution
Percent of People with Each Score
Percentile by Number Answered
Your Score History
You have not taken this quiz